000 00539nam a2200181Ia 4500
008 090630s9999 xx 000 0 und d
082 _b15702
100 _aतिबिले अनंत.
245 _aशर्थ.
_cतिबिले अनंत.
260 _bयुनिटी प्रकाशन.
300 _a0
600 _aतिबिले अनंत.
630 _aशर्थ.
655 _aकादंबरी.
700 _aतिबिले अनंत.
730 _aशर्थ.
942 _cBOOK
999 _c267558
_d267558